Statistiken für Alle Torschützen der 1. Fußball-Bundesliga 2021/22

Klicken Sie hier um das Quiz zu spielen!

Allgemein

  • Dieses Quiz wurde 872 mal gespielt
  • Das Durchschnittsergebnis liegt bei 85 aus 261

Antwortstatistiken

VereinPlatzNationalitätToreName% Korrekt
FC Bayern München1.POL35Robert Lewandowski
98%
FC Bayern München3.GER8Thomas Müller
95%
FC Bayern München2.GER14Serge Gnabry
92%
FC Bayern München8.GER3Joshua Kimmich
90%
FC Bayern München4.GER7Leroy Sané
90%
Borussia Dortmund1.NOR22Erling Haaland
88%
FC Bayern München5.FRA6Kingsley Coman
88%
Borussia Dortmund2GER9Marco Reus
87%
FC Bayern München8.GER3Leon Goretzka
85%
1. FSV Mainz 058.GER2Stefan Bell
77%
Borussia Dortmund16GER1Mats Hummels
75%
Bayer 04 Leverkusen1.CZE24Patrik Schick
75%
Borussia Dortmund8.ENG3Jude Bellingham
74%
1. FC Köln1.FRA20Anthony Modeste
73%
FC Bayern München6.GER5Jamal Musiala
73%
FC Bayern München7.CMR4Eric Maxim Choupo-Moting
72%
FC Bayern München11FRA1Dayot Upamecano
71%
Borussia Dortmund2.GER9Julian Brandt
71%
RB Leipzig1.FRA20Christopher Nkunku
70%
Borussia Dortmund4NED5Donyell Malen
69%
FC Bayern München11GER1Niklas Süle
68%
Borussia Dortmund6BEL4Thorgan Hazard
68%
FC Bayern München11AUT1Marcel Sabitzer
67%
Borussia Dortmund6.POR4Raphaël Guerreiro
66%
Bayer 04 Leverkusen2.FRA13Moussa Diaby
65%
RB Leipzig3.SWE6Emil Forsberg
64%
RB Leipzig2.POR11André Silva
63%
Bayer 04 Leverkusen3.GER7Florian Wirtz
62%
Borussia Dortmund11USA2Giovanni Reyna
62%
FC Bayern München11CRO1Josip Stanišić
62%
SC Freiburg1.ITA9Vincenzo Grifo
61%
Borussia Dortmund11BEL2Thomas Meunier
60%
Borussia Dortmund11BEL2Axel Witsel
57%
Borussia Mönchengladbach1.GER12Jonas Hofmann
57%
Borussia Dortmund16.SUI1Manuel Akanji
57%
Borussia Mönchengladbach7.FRA3Marcus Thuram
56%
FC Bayern München10.FRA2Corentin Tolisso
55%
RB Leipzig3DEN6Yussuf Poulsen
55%
Borussia Mönchengladbach2.FRA10Alassane Pléa
54%
TSG 1899 Hoffenheim4.CRO6Andrej Kramarić
53%
RB Leipzig7.ESP3Dani Olmo
52%
Borussia Dortmund4.GER5Emre Can
52%
Eintracht Frankfurt1.COL8Rafael Santos Borré
52%
Eintracht Frankfurt3.JAP4Daichi Kamada
51%
RB Leipzig6.AUT4Konrad Laimer
51%
RB Leipzig10HUN2Willi Orban
50%
Eintracht Frankfurt3SRB4Filip Kostić
49%
FC Augsburg1.AUT9Michael Gregoritsch
49%
Borussia Dortmund11GER2Youssoufa Moukoko
49%
Arminia Bielefeld2.GER3Fabian Klos
48%
SC Freiburg5.GER5Nils Petersen
48%
VfL Wolfsburg2.GER7Max Kruse
47%
1. FC Union Berlin3.GER5Max Kruse
47%
SC Freiburg6GER4Nico Schlotterbeck
47%
Bayer 04 Leverkusen4.ARG6Lucas Alario
46%
Borussia Mönchengladbach10GER1Matthias Ginter
46%
1. FC Union Berlin4.SUR4Sheraldo Becker
46%
VfB Stuttgart2.JAP4Wataru Endō
46%
Bayer 04 Leverkusen11NED1Jeremie Frimpong
45%
RB Leipzig5.HUN6Dominik Szoboszlai
44%
Bayer 04 Leverkusen9.ARG2Ezequiel Palacios
44%
Borussia Mönchengladbach4.ALG4Ramy Bensebaini
44%
1. FC Köln3.AUT4Florian Kainz
43%
Eintracht Frankfurt2.DEN5Jesper Lindström
43%
Borussia Mönchengladbach4GER4Lars Stindl
43%
Borussia Mönchengladbach3.SUI9Breel Embolo
42%
Borussia Dortmund11.GER2Mahmoud Dahoud
42%
VfL Bochum1.GER10Sebastian Polter
42%
RB Leipzig10CRO2Josko Gvardiol
41%
Borussia Dortmund8GER3Marius Wolf
41%
1. FC Union Berlin1.NGR15Taiwo Awoniyi
41%
VfL Wolfsburg3.NED6Wout Weghorst
41%
RB Leipzig10.ESP2Angeliño
40%
SC Freiburg10GER2Christian Günter
40%
1. FC Köln3TUN4Ellyes Skhiri
40%
1. FSV Mainz 054.KOR4Jae-Sung Lee
40%
Bayer 04 Leverkusen9GER2Jonathan Tah
40%
VfB Stuttgart1.AUT6Sasa Kalajdzic
40%
SpVgg Greuther Fürth1.SWE9Branimir Hrgota
39%
VfL Wolfsburg5.GER4Maximilian Arnold
39%
Bayer 04 Leverkusen11CHI1Charles Aranguiz
38%
VfL Bochum2.PHI5Gerrit Holtmann
38%
TSG 1899 Hoffenheim2TOG7Ihlas Bebou
38%
1. FSV Mainz 051.GER11Jonathan Burkardt
38%
Bayer 04 Leverkusen5BRA4Paulinho
38%
TSG 1899 Hoffenheim1.FRA8Georginio Rutter
37%
VfL Wolfsburg1.GER8Lukas Nmecha
37%
RB Leipzig13.GER1Marcel Halstenberg
37%
SC Freiburg6.HUN4Roland Sallai
37%
TSG 1899 Hoffenheim2.AUT7Christoph Baumgartner
36%
Eintracht Frankfurt3FRA4Evan Ndicka
36%
Borussia Mönchengladbach4GER4Florian Neuhaus
36%
1. FSV Mainz 053.AUT5Karim Onisiwo
36%
Bayer 04 Leverkusen11GER1Kerem Demirbay
36%
Borussia Mönchengladbach10.SUI1Nico Elvedi
36%
Bayer 04 Leverkusen11ECU1Piero Hincapie
36%
Eintracht Frankfurt3BRA4Tuta
36%
Bayer 04 Leverkusen11BUR1Edmond Tapsoba
35%
VfB Stuttgart2GRE4Konstantinos Mavropanos
35%
SC Freiburg2.GER7Lucas Höler
35%
Borussia Mönchengladbach10AUT1Stefan Lainer
35%
VfB Stuttgart12CRO1Borna Sosa
34%
1. FC Union Berlin7AUT2Christopher Trimmel
34%
VfL Wolfsburg4.DEN5Jonas Wind
34%
Bayer 04 Leverkusen11IRN1Sardar Azmoun
34%
RB Leipzig7MLI3Amadou Haidara
33%
VfL Bochum6GER2Eduard Löwen
33%
Bayer 04 Leverkusen7GER3Karim Bellarabi
33%
TSG 1899 Hoffenheim6.ISR3Munas Dabbur
33%
Borussia Dortmund8GER3Steffen Tigges
33%
FC Augsburg5.ISL2Alfreð Finnbogason
32%
FC Augsburg2GER5Florian Niederlechner
32%
Eintracht Frankfurt11.AUT1Martin Hinteregger
32%
Hertha BSC1.MNE6Stevan Jovetić
32%
TSG 1899 Hoffenheim6GER3David Raum
31%
Borussia Mönchengladbach10USA1Joe Scally
31%
Bayer 04 Leverkusen11NED1Mitchel Bakker
31%
1. FC Köln8.SVK2Ondrej Duda
31%
Bayer 04 Leverkusen5.GER4Robert Andrich
31%
1. FC Köln5.SWE3Sebastian Andersson
31%
VfL Bochum4.JAP3Takuma Asano
31%
FC Bayern München11.FRA1Tanguy Nianzou
31%
Eintracht Frankfurt8SUI2Djibril Sow
30%
Hertha BSC9BEL1Dodi Lukébakio
30%
VfL Wolfsburg8BEL1Dodi Lukébakio
30%
SC Freiburg10.BIH2Ermedin Demirovic
30%
Borussia Mönchengladbach8.FRA2Kouadio Koné
30%
SC Freiburg10GER2Nicolas Höfler
30%
Hertha BSC4.GER4Davie Selke
29%
VfB Stuttgart12JAP1Hiroki Ito
29%
Eintracht Frankfurt11GER1Sebastian Rode
29%
Hertha BSC2.ALG5Ishak Belfodil
28%
RB Leipzig13FRA1Mohamed Simakan
28%
Eintracht Frankfurt11GER1Ansgar Knauff
27%
VfL Wolfsburg8USA1John Anthony Brooks
27%
1. FC Köln2.GER5Mark Uth
27%
VfL Wolfsburg6.GER3Ridle Baku
27%
Borussia Dortmund16GER1Felix Passlack
26%
Bayer 04 Leverkusen11.GER1Nadiem Amiri
26%
SC Freiburg3AUT5Philipp Lienhart
26%
VfB Stuttgart2POR4Tiago Tomás
26%
Borussia Dortmund16GER1Tom Rothe
26%
SC Freiburg3.KOR5Woo-Yeong Jeong
26%
FC Augsburg2.GER5André Hahn
25%
RB Leipzig7GER3Benjamin Henrichs
25%
Eintracht Frankfurt8.NOR2Jens Petter Hauge
25%
VfB Stuttgart5EGY3Omar Marmoush
25%
Arminia Bielefeld2AUT3Patrick Wimmer
25%
1. FC Union Berlin7JAP2Genki Haraguchi
24%
SpVgg Greuther Fürth2.GER5Jamie Leweling
24%
1. FSV Mainz 0510LUX1Leandro Barreiro
24%
Hertha BSC2GER5Marco Richter
24%
VfL Bochum4GER3Simon Zoller
24%
1. FC Union Berlin12.GER1Timo Baumgartl
24%
1. FSV Mainz 0510HUN1Ádám Szalai
23%
Bayer 04 Leverkusen7.FRA3Amine Adli
23%
FC Augsburg11GER1Arne Maier
23%
RB Leipzig13FRA1Nordi Mukiele
23%
FC Augsburg11SUI1Ruben Vargas
23%
1. FC Union Berlin2.GER8Grischa Prömel
22%
TSG 1899 Hoffenheim5.DEN4Jacob Bruun Larsen
22%
1. FC Union Berlin5GER3Sven Michel
22%
Hertha BSC7.CZE2Vladimír Darida
22%
Borussia Mönchengladbach8SUI2Denis Zakaria
21%
Eintracht Frankfurt11CRO1Kristijan Jakić
21%
1. FSV Mainz 052.DEN6Marcus Ingvartsen
21%
Arminia Bielefeld1.JAP8Masaya Okugawa
21%
FC Augsburg11.GER1Niklas Dorsch
21%
TSG 1899 Hoffenheim14CZE1Pavel Kadeřábek
21%
FC Augsburg5ENG2Reece Oxford
21%
TSG 1899 Hoffenheim14.ARM1Sargis Adamyan
21%
1. FSV Mainz 057.GER3Alexander Hack
20%
FC Augsburg5BRA2Iago
20%
SC Freiburg9.GER3Janik Haberer
20%
1. FC Union Berlin7.GER2Kevin Behrens
20%
Hertha BSC7FRA2Lucas Tousart
20%
Hertha BSC5GER3Suat Serdar
20%
VfB Stuttgart8GER2Waldemar Anton
20%
1. FSV Mainz 0510.ESP1Aarón
19%
1. FC Union Berlin12HUN1András Schäfer
19%
1. FC Union Berlin7NOR2Julian Ryerson
19%
Hertha BSC9POL1Krzysztof Piątek
19%
VfB Stuttgart5GER3Marc Oliver Kempf
19%
1. FSV Mainz 054SUI4Silvan Widmer
19%
1. FC Köln11.GER1Timo Hübers
19%
Eintracht Frankfurt8AUS2Ajdin Hrustić
18%
VfL Bochum6FRA2Anthony Losilla
18%
VfB Stuttgart5.GER3Chris Führich
18%
TSG 1899 Hoffenheim9MLI2Diadie Samassekou
18%
Eintracht Frankfurt7.POR3Gonçalo Paciência
18%
RB Leipzig13ESP1Hugo Novoa
18%
1. FC Köln5GER3Jan Thielmann
18%
SC Freiburg6GER4Kevin Schade
18%
1. FC Köln11GER1Luca Kilian
18%
VfL Bochum3.SRB4Miloš Pantović
18%
VfL Wolfsburg8.BEL1Sebastian Bornaauw
18%
VfL Wolfsburg8GER1Yannick Gerhardt
18%
1. FSV Mainz 0510GER1Anton Stach
17%
VfL Bochum10CRC1Christian Gamboa
17%
1. FC Köln5AUT3Dejan Ljubicic
17%
TSG 1899 Hoffenheim9GER2Dennis Geiger
17%
1. FSV Mainz 058NED2Jean-Paul Boëtius
17%
SC Freiburg14.GER1Maximilian Eggestein
17%
1. FSV Mainz 054FRA4Moussa Niakhaté
17%
Hertha BSC9GER1Niklas Stark
17%
VfB Stuttgart12BEL1Orel Mangala
17%
TSG 1899 Hoffenheim6GER3Sebastian Rudy
17%
TSG 1899 Hoffenheim14USA1Chris Richards
16%
1. FSV Mainz 0510NED1Jeremiah St. Juste
16%
VfL Wolfsburg8FRA1Jérôme Roussillon
16%
TSG 1899 Hoffenheim9.NGR2Kevin Akpoguma
16%
VfL Wolfsburg8GER1Luca Waldschmidt
16%
FC Augsburg5DEN2Mads Pedersen
15%
FC Augsburg5NED2Jeffrey Gouweleeuw
14%
1. FC Union Berlin5.GER3Nico Gießelmann
14%
VfB Stuttgart8GER2Philipp Förster
14%
TSG 1899 Hoffenheim9AUT2Stefan Posch
14%
TSG 1899 Hoffenheim9GER2Angelo Stiller
13%
TSG 1899 Hoffenheim14GER1Benjamin Hübner
13%
FC Augsburg4.GER4Daniel Caligiuri
13%
SpVgg Greuther Fürth3GER2Jessic Ngankam
13%
1. FC Köln11AUT1Louis Schaub
13%
SC Freiburg10GER2Lukas Kübler
13%
VfL Wolfsburg8GER1Maximilian Philipp
13%
VfL Wolfsburg7.BEL2Aster Vranckx
12%
VfL Bochum10.GHA1Christopher Antwi-Adjei
12%
SpVgg Greuther Fürth3NOR2Håvard Nielsen
12%
1. FC Köln11GER1Kingsley Schindler
12%
Arminia Bielefeld8AUT1Alessandro Schöpf
11%
Arminia Bielefeld2GER3Janni Serra
11%
SpVgg Greuther Fürth7NED1Jetro Willems
11%
Arminia Bielefeld5SWE2Joakim Nilsson
11%
1. FSV Mainz 0510AUT1Kevin Stöger
11%
Eintracht Frankfurt11NED1Sam Lammers
11%
1. FC Union Berlin7GER2Andreas Voglsammer
10%
Arminia Bielefeld5.FRA2Bryan Lasme
10%
Arminia Bielefeld8.GER1Gonzalo Castro
10%
SpVgg Greuther Fürth3.TUN2Jeremy Dudziak
10%
VfL Bochum10GER1Maxim Leitsch
10%
1. FC Köln8GER2Tim Lemperle
10%
Hertha BSC5.NED3Jurgen Ekkelenkamp
9%
VfL Bochum6NED2Jürgen Locadia
9%
1. FC Köln8TUR2Salih Öczan
9%
SpVgg Greuther Fürth7GER1Timothy Tillman
9%
1. FSV Mainz 0510ANG1Anderson Lucoqui
8%
1. FSV Mainz 0510NED1Delano Burgzorg
8%
Hertha BSC9FRA1Myziane Maolida
8%
Arminia Bielefeld8GER1Florian Krüger
7%
Arminia Bielefeld5DEN2Jacob Laursen
7%
SpVgg Greuther Fürth7.GER1Sebastian Griesbeck
7%
Hertha BSC9.GER1Linus Gechter
6%
SpVgg Greuther Fürth7GER1Marco Meyerhöfer
6%
VfB Stuttgart12GER1Philipp Klement
6%
VfB Stuttgart12.DEN1Wahid Faghir
6%
FC Augsburg5SUI2Andi Zeqiri
5%
SpVgg Greuther Fürth3SUI2Cedric Itten
5%
VfL Bochum6.GER2Danny Blum
5%
FC Augsburg11GER1Noah Joel Sarenren Bazee
5%
VfB Stuttgart8GER2Roberto Massimo
5%
VfB Stuttgart8.GER2Hamadi Al Ghaddioui
4%
VfL Bochum10HUN1Soma Novothny
3%

Verteilung der Resultate

Perzentil nach korrekt beantworteten Fragen

Anzahl Personen mit jedem Resultat

Ihre Resultats-Entwicklung

Sie haben dieses Quiz noch nicht gespielt